| 000 | 00803cam a22002774a 4500 | ||
|---|---|---|---|
| 001 | 12730662 | ||
| 005 | 20180207045649.0 | ||
| 008 | 020404s2002 paua b 001 0 eng | ||
| 010 | _a 2002066106 | ||
| 020 | _a078173391X | ||
| 035 | _a(DNLM)101142332 | ||
| 040 |
_aDNLM/DLC _cDLC _dDLC |
||
| 041 | _aeng | ||
| 042 | _apcc | ||
| 060 | 1 | 0 |
_aWB 110 _bE78 2002 |
| 080 | _a616 SLO | ||
| 082 | 0 | 0 |
_a616 SLO _221 |
| 100 | _a2 | ||
| 101 | _aSHM | ||
| 245 | 0 | 0 |
_aEssentials of family medicine / _c[edited by] Philip D. Sloane ... [et al.]. |
| 246 | 3 | 0 | _aFamily medicine |
| 504 | _aIncludes bibliographical references and index. | ||
| 906 |
_a7 _bcbc _corignew _d1 _eocip _f20 _gy-gencatlg |
||
| 942 |
_2ddc _cBK |
||
| 999 |
_c41994 _d41994 |
||